00412nam a2200133 i 4500001000300000100002200003245006400025260001900089700001500108040000800123041000800131008004100139856009800180bg1 aWAUGOLNYCH, K. A. 0aElektriceskie razrjady v vode /cK.A. Waugolnych, W.A. Roj. aMoskwa,c1971.1 aROJ, W. A. cBPK apol s pl f |000 0 pol  uhttp://koha.tu.koszalin.pl/cgi-bin/koha/opac-detail.pl?biblionumber=14539yKatalog online BPK